<?xml version="1.0" encoding="UTF-8"?><marc:collection xmlns:marc="http://www.loc.gov/MARC21/slim">
  <marc:record>
    <marc:leader>00000nas  2200000za 4500</marc:leader>
    <marc:controlfield tag="001">9.506062</marc:controlfield>
    <marc:controlfield tag="003">CaOODSP</marc:controlfield>
    <marc:controlfield tag="005">20221107133557</marc:controlfield>
    <marc:controlfield tag="007">cr |||||||||||</marc:controlfield>
    <marc:controlfield tag="008">150406d19972001oncqr p o    f0   a0eng|d</marc:controlfield>
    <marc:datafield tag="022" ind1=" " ind2=" ">
      <marc:subfield code="a">1497-1259</marc:subfield>
    </marc:datafield>
    <marc:datafield tag="040" ind1=" " ind2=" ">
      <marc:subfield code="a">CaOODSP</marc:subfield>
      <marc:subfield code="b">eng</marc:subfield>
    </marc:datafield>
    <marc:datafield tag="043" ind1=" " ind2=" ">
      <marc:subfield code="a">n-cn---</marc:subfield>
    </marc:datafield>
    <marc:datafield tag="086" ind1="1" ind2=" ">
      <marc:subfield code="a">RG79-3E-PDF</marc:subfield>
    </marc:datafield>
    <marc:datafield tag="130" ind1="0" ind2=" ">
      <marc:subfield code="a">Newsletter (Canada. Patented Medicine Prices Review Board : Online)</marc:subfield>
    </marc:datafield>
    <marc:datafield tag="222" ind1=" " ind2="0">
      <marc:subfield code="a">Newsletter - Canada. Patented Medicine Prices Review Board </marc:subfield>
      <marc:subfield code="b">(Online) </marc:subfield>
    </marc:datafield>
    <marc:datafield tag="245" ind1="1" ind2="0">
      <marc:subfield code="a">Newsletter </marc:subfield>
      <marc:subfield code="h">[electronic resource]. </marc:subfield>
    </marc:datafield>
    <marc:datafield tag="260" ind1=" " ind2=" ">
      <marc:subfield code="a">[Ottawa] : </marc:subfield>
      <marc:subfield code="b">Patented Medicine Prices Review Board, </marc:subfield>
      <marc:subfield code="c">[1997-2001] </marc:subfield>
    </marc:datafield>
    <marc:datafield tag="310" ind1=" " ind2=" ">
      <marc:subfield code="a">Quarterly, </marc:subfield>
      <marc:subfield code="b">Jan. 1999-Oct. 2001</marc:subfield>
    </marc:datafield>
    <marc:datafield tag="321" ind1=" " ind2=" ">
      <marc:subfield code="a">Semiannual, </marc:subfield>
      <marc:subfield code="b">July 1997-Oct. 1998</marc:subfield>
    </marc:datafield>
    <marc:datafield tag="362" ind1="1" ind2=" ">
      <marc:subfield code="a">Began with vol. 1, issue no. 1 (July 1997); ceased with vol. 5, issue no. 4 (Oct. 2001).</marc:subfield>
    </marc:datafield>
    <marc:datafield tag="500" ind1=" " ind2=" ">
      <marc:subfield code="a">Issued also in French under title: La nouvelle.</marc:subfield>
    </marc:datafield>
    <marc:datafield tag="692" ind1="0" ind2="7">
      <marc:subfield code="2">gccst</marc:subfield>
      <marc:subfield code="a">Patented medicines</marc:subfield>
    </marc:datafield>
    <marc:datafield tag="710" ind1="1" ind2=" ">
      <marc:subfield code="a">Canada. </marc:subfield>
      <marc:subfield code="b">Patented Medicine Prices Review Board.</marc:subfield>
    </marc:datafield>
    <marc:datafield tag="775" ind1="0" ind2="8">
      <marc:subfield code="t">La nouvelle </marc:subfield>
      <marc:subfield code="w">(CaOODSP)9.502464</marc:subfield>
    </marc:datafield>
    <marc:datafield tag="776" ind1="0" ind2="#">
      <marc:subfield code="t">Newsletter </marc:subfield>
      <marc:subfield code="w">(CaOODSP)9.508662</marc:subfield>
    </marc:datafield>
    <marc:datafield tag="785" ind1="0" ind2="0">
      <marc:subfield code="t">PMPRB newsletter. </marc:subfield>
      <marc:subfield code="w">(CaOODSP)9.505396</marc:subfield>
    </marc:datafield>
  </marc:record>
</marc:collection>
